[Event "London Classic Open 2014"]
[Site "London ENG"]
[Date "2014.12.12"]
[Round "5.27"]
[White "Guramishvili, Sopiko"]
[Black "Okike, David"]
[Result "1-0"]
[WhiteTitle "IM"]
[WhiteElo "2388"]
[BlackElo "2169"]
[WhiteFideId "13602888"]
[BlackFideId "8500134"]
[EventDate "2014.12.08"]

1. Nf3 Nf6 2. g3 g6 3. b3 d6 4. d4 Bg7 5. Bb2 a5 6. Bg2 Nc6 7. O-O O-O 8. Nbd2
d5 9. c4 a4 10. bxa4 Na5 11. cxd5 Nxd5 12. Ne5 Nb6 13. Bc3 Nd5 14. Bb2 Nb6 15.
Qc2 c6 16. Rfd1 Be6 17. e4 Bxe5 18. dxe5 Qc7 19. Bf1 Bg4 20. f3 Be6 21. Bd4 Nd7
22. f4 Bg4 23. Rdc1 b6 24. h3 Be6 25. Nf3 Nb8 26. Be3 c5 27. Nd4 Bc8 28. Nb5 Qc6
29. Nc3 e6 30. Rd1 Ba6 31. Nb5 Bxb5 32. axb5 Qc7 33. h4 Nd7 34. h5 Rfd8 35. Qh2
Nf8 36. Qh4 Re8 37. Rd6 Rab8 38. Rad1 Qe7 39. Qh2 Rec8 40. Qb2 Re8 41. Bd2 Nb7
42. Rxb6 Red8 43. Rc1 gxh5 44. Be3 Nd7 45. Ra6 Rdc8 46. Qe2 Ra8 47. Qxh5 Rxa6
48. bxa6 Nd8 49. Rc2 Nf8 50. Qh6 Nd7 51. Rh2 f6 52. Qh4 Qg7 53. Bb5 fxe5 54.
Bxd7 Qxd7 55. Rd2 Qc7 56. Qg5+ Kh8 57. Qf6+ Kg8 58. fxe5 c4 59. Bh6 Nc6 60.
Qxe6+ Kh8 61. Bg7+ 1-0

[Event "London Classic Open 2014"]
[Site "London ENG"]
[Date "2014.12.12"]
[Round "5.28"]
[White "Williamson, Roger G"]
[Black "Kiik, Kalle"]
[Result "0-1"]
[BlackTitle "IM"]
[WhiteElo "2160"]
[BlackElo "2372"]
[WhiteFideId "414620"]
[BlackFideId "4500075"]
[EventDate "2014.12.08"]

1. d4 d6 2. c4 e5 3. d5 g6 4. Nc3 Nd7 5. e4 a5 6. Be3 Bh6 7. Bxh6 Nxh6 8. Bd3
Nc5 9. Bc2 O-O 10. Qd2 Kg7 11. Nge2 f5 12. exf5 Bxf5 13. Bxf5 Rxf5 14. b3 Qh4
15. Ng3 Rf4 16. O-O Rd4 17. Qc2 Rf8 18. Nb5 Rdf4 19. f3 R8f7 20. Rae1 g5 21. Nh1
R4f6 22. Nf2 c6 23. Nc3 g4 24. Nce4 gxf3 25. Nxf6 Rxf6 26. g3 Qh5 27. dxc6 bxc6
28. Ne4 Nxe4 29. Rxe4 Ng4 30. h4 d5 31. cxd5 cxd5 32. Qc7+ Kg6 33. Rxg4+ Qxg4
34. Qxe5 Qe4 35. Qc3 d4 36. Qxa5 Qe3+ 37. Rf2 Rf5 38. Qb6+ Kh5 39. g4+ Kxg4 40.
Qc7 Qe1+ 41. Rf1 Qg3+ 42. Qxg3+ Kxg3 43. Rd1 Rc5 44. Kh1 Rc2 45. Rg1+ Rg2 0-1

[Event "London Classic Open 2014"]
[Site "London ENG"]
[Date "2014.12.12"]
[Round "5.29"]
[White "Gourlay, Iain"]
[Black "Ethelontis, Alexandros N"]
[Result "1-0"]
[WhiteTitle "FM"]
[WhiteElo "2360"]
[BlackElo "2160"]
[WhiteFideId "2401533"]
[BlackFideId "405469"]
[EventDate "2014.12.08"]

1. Nf3 Nf6 2. g3 d5 3. Bg2 c6 4. c4 Bf5 5. cxd5 cxd5 6. Qb3 Qb6 7. Qxb6 axb6 8.
Nc3 Nc6 9. d3 e6 10. O-O Be7 11. Bf4 O-O 12. Rfc1 Rfc8 13. Nb5 Ne8 14. a3 Bf6
15. Rab1 h6 16. Be3 Bd8 17. Nfd4 Bg6 18. f4 Bf6 19. g4 Nxd4 20. Bxd4 Bxd4+ 21.
Nxd4 Nd6 22. f5 exf5 23. gxf5 Nxf5 24. Nxf5 Bxf5 25. Bxd5 Rab8 26. Rc3 Rc5 27.
Bf3 Re8 28. Rbc1 Rb5 29. b4 Re7 30. d4 g5 31. Rc7 Re3 32. R1c3 Re8 33. Bxb7 Be4
34. Rc8 Bxb7 35. Rxe8+ Kg7 36. e4 Kg6 37. Rc7 1-0

[Event "London Classic Open 2014"]
[Site "London ENG"]
[Date "2014.12.12"]
[Round "5.30"]
[White "Salomon, Johan"]
[Black "Shamima, Akter Liza"]
[Result "1-0"]
[WhiteTitle "FM"]
[BlackTitle "WIM"]
[WhiteElo "2343"]
[BlackElo "2159"]
[WhiteFideId "1509500"]
[BlackFideId "10202587"]
[EventDate "2014.12.08"]

1. e4 c5 2. Nf3 e6 3. c3 d5 4. e5 d4 5. Bd3 Nc6 6. O-O Nge7 7. Be4 Ng6 8. Bxc6+
bxc6 9. c4 f6 10. d3 Qc7 11. Re1 Be7 12. Nbd2 O-O 13. Nf1 Bd7 14. Ng3 Rae8 15.
h4 fxe5 16. h5 Nf4 17. Nxe5 Bd6 18. Nxd7 Qxd7 19. Ne4 Bc7 20. g3 Nd5 21. cxd5
exd5 22. Ng5 Qf5 23. f4 Ba5 24. Rf1 h6 25. Nf3 Qh3 26. Kf2 Qxh5 27. b4 Bxb4 28.
a3 Bc3 29. Ra2 g5 30. Kg2 Re7 31. Rh1 Qe8 32. fxg5 Ref7 33. Bf4 hxg5 34. Nxg5
Rf5 35. Qg4 Qg6 36. Qh4 Qg7 37. Re2 Ba5 38. Re7 1-0

[Event "London Classic Open 2014"]
[Site "London ENG"]
[Date "2014.12.12"]
[Round "5.31"]
[White "Schoorl, Rob"]
[Black "Jones, Steven A"]
[Result "1-0"]
[WhiteTitle "FM"]
[WhiteElo "2327"]
[BlackElo "2096"]
[WhiteFideId "1009508"]
[BlackFideId "419630"]
[EventDate "2014.12.08"]

1. c4 e5 2. a3 Nf6 3. b4 d5 4. cxd5 Nxd5 5. Bb2 a5 6. b5 Bd6 7. Qc2 O-O 8. Nf3
Qe7 9. e3 c6 10. Nc3 Nxc3 11. Qxc3 Re8 12. d4 exd4 13. Qxd4 f6 14. Bc4+ Be6 15.
Ng5 fxg5 16. Bxe6+ Kh8 17. h4 Bc5 18. Qc3 g4 19. h5 Qg5 20. h6 Rxe6 21. Rh5 Bxe3
22. Rxg5 Bxg5+ 23. Kf1 Bxh6 24. Rd1 Re8 25. Rd6 1-0

[Event "London Classic Open 2014"]
[Site "London ENG"]
[Date "2014.12.12"]
[Round "5.32"]
[White "Haugli, Petter"]
[Black "Gupta, Arul"]
[Result "1-0"]
[WhiteTitle "IM"]
[WhiteElo "2283"]
[BlackElo "2065"]
[WhiteFideId "1500104"]
[BlackFideId "422622"]
[EventDate "2014.12.08"]

1. e4 e5 2. Nf3 Nc6 3. Bc4 Bc5 4. c3 Nf6 5. d3 d6 6. O-O a6 7. Bb3 h6 8. Nbd2 g5
9. Nc4 g4 10. Ne1 h5 11. Be3 Bxe3 12. Nxe3 Ne7 13. f4 exf4 14. Rxf4 Ng6 15. Rf1
Qe7 16. Bxf7+ Qxf7 17. Nd5 Qg7 18. Nxf6+ Kd8 19. Nc2 Ne5 20. Nd5 g3 21. h3 Ng4
22. Qf3 Nf2 23. Nd4 Rf8 24. Qxh5 Rh8 25. Qf3 Rf8 26. Nf4 Ke7 27. Nd5+ Kd8 28.
Nf5 Bxf5 29. exf5 Qg5 30. Nf4 Qxf5 31. Ne6+ Qxe6 32. Qxf8+ Kd7 33. Qxa8 Qe3 34.
Rxf2 gxf2+ 35. Kf1 Qxd3+ 36. Kxf2 Qd2+ 37. Kg1 Qxb2 38. Re1 1-0

[Event "London Classic Open 2014"]
[Site "London ENG"]
[Date "2014.12.12"]
[Round "5.33"]
[White "Hill, Alistair"]
[Black "Mihajlov, Sebastian"]
[Result "0-1"]
[BlackTitle "FM"]
[WhiteElo "2112"]
[BlackElo "2278"]
[WhiteFideId "432407"]
[BlackFideId "1512110"]
[EventDate "2014.12.08"]

1. e4 e5 2. Nf3 Nc6 3. d4 exd4 4. Nxd4 Nf6 5. Nxc6 bxc6 6. e5 Qe7 7. Qe2 Nd5 8.
c4 Nb6 9. Nc3 Qe6 10. Qe4 Bb7 11. Bd3 O-O-O 12. O-O Re8 13. Re1 c5 14. Qe2 g5
15. Be4 h6 16. Bxb7+ Kxb7 17. b3 Bg7 18. Bb2 Bxe5 19. Na4 Qc6 20. Bxe5 f6 21.
Qb2 fxe5 22. Rxe5 d6 23. Rxe8 Rxe8 24. Nc3 Re5 25. Qd2 Qe8 26. Kf1 Qh5 27. Kg1
Qg4 28. Kf1 Qh4 29. Kg1 Nd7 30. Rd1 Nf6 31. Qd3 g4 32. Ne2 Nh5 33. f4 Re8 34.
Rf1 Ng7 35. Ng3 Qf6 36. Qd5+ Kb6 37. Nh5 Nxh5 38. Qxh5 Qd4+ 39. Kh1 Qf2 0-1

[Event "London Classic Open 2014"]
[Site "London ENG"]
[Date "2014.12.12"]
[Round "5.34"]
[White "Jurgensen, Graham"]
[Black "Wall, Tim P"]
[Result "1-0"]
[WhiteTitle "CM"]
[BlackTitle "FM"]
[WhiteElo "2070"]
[BlackElo "2276"]
[WhiteFideId "14300788"]
[BlackFideId "401641"]
[EventDate "2014.12.08"]

1. e4 d5 2. exd5 Qxd5 3. Nc3 Qa5 4. Nf3 Nf6 5. Bc4 Bg4 6. h3 Bh5 7. d3 c6 8. g4
Bg6 9. Bd2 Qc7 10. Qe2 Nbd7 11. O-O-O O-O-O 12. Nh4 Nb6 13. Nxg6 fxg6 14. Be6+
Kb8 15. Qf3 Nbd5 16. Nxd5 cxd5 17. Bf4 Rd6 18. g5 Nh5 19. Be5 d4 20. Rde1 a6 21.
Re4 Qc5 22. Rhe1 Ka7 23. Qg4 h6 24. h4 hxg5 25. hxg5 Ka8 26. Bxd6 exd6 27. Bf7
d5 28. Re8+ Ka7 29. Bxg6 Qa5 30. Bxh5 Bd6 31. Qxd4+ Bc5 32. Qe5 Rxe8 33. Bxe8
Qxa2 34. Qc3 Bxf2 35. Re7 d4 36. Qc5+ 1-0

[Event "London Classic Open 2014"]
[Site "London ENG"]
[Date "2014.12.12"]
[Round "5.35"]
[White "Dale, Ari"]
[Black "Johansson, Toni"]
[Result "1-0"]
[WhiteTitle "IM"]
[WhiteElo "2252"]
[BlackElo "2062"]
[WhiteFideId "3213145"]
[BlackFideId "1703269"]
[EventDate "2014.12.08"]

1. d4 Nf6 2. c4 c5 3. d5 b5 4. cxb5 a6 5. bxa6 g6 6. Nc3 Bxa6 7. e4 Bxf1 8. Kxf1
d6 9. g3 Bg7 10. Kg2 O-O 11. Nf3 Nbd7 12. a4 Ra6 13. Qc2 Qa8 14. Re1 e6 15. dxe6
fxe6 16. Nb5 Qc6 17. Ra3 d5 18. exd5 exd5 19. Ng5 h6 20. Ne6 Re8 21. Nbc7 Re7
22. Nxa6 Rxe6 23. Rxe6 Qxe6 24. Nxc5 Qc6 25. b4 d4+ 26. f3 Ne5 27. Bf4 Nd5 28.
Bxe5 Bxe5 29. Qe4 Qd6 30. f4 Bg7 31. Qe6+ Qxe6 32. Nxe6 Nxb4 33. Nxg7 d3 34. Kf3
Kxg7 35. a5 d2 36. Ke2 1-0

[Event "London Classic Open 2014"]
[Site "London ENG"]
[Date "2014.12.12"]
[Round "5.37"]
[White "Lane, Peter C R"]
[Black "Britton, Richard L"]
[Result "0-1"]
[BlackTitle "FM"]
[WhiteElo "2043"]
[BlackElo "2230"]
[WhiteFideId "407607"]
[BlackFideId "401692"]
[EventDate "2014.12.08"]

1. Nf3 Nf6 2. c4 g6 3. g3 Bg7 4. Bg2 O-O 5. O-O d6 6. Nc3 Nc6 7. d3 Nh5 8. Rb1
f5 9. Bd2 a5 10. a3 f4 11. b4 axb4 12. axb4 Bg4 13. Nd5 e5 14. b5 Ne7 15. Ne1
Rb8 16. Bc3 Kh8 17. Ra1 Nxd5 18. Bxd5 Bh3 19. Bg2 Qd7 20. Ra7 g5 21. Nf3 Bxg2
22. Kxg2 g4 23. Nd2 Rf6 24. f3 Rg6 25. Ne4 Nf6 26. Be1 Rh6 27. Rh1 Nxe4 28. dxe4
gxf3+ 29. exf3 Qh3+ 30. Kg1 fxg3 31. Bxg3 Rf8 32. Qe2 Rhf6 33. Ra3 h5 34. Qg2
Qe6 35. Qe2 Rg6 36. Kf2 Qh3 37. Qf1 Qe6 38. Ke1 Bh6 39. Qe2 Rfg8 40. Kd1 Qe7 41.
Ra7 h4 42. Bf2 Rg2 43. Rxb7 Ra8 44. Qb2 Rxf2 45. Qxf2 Ra1+ 46. Ke2 Ra2+ 47. Ke1
Rxf2 48. Kxf2 Qg5 49. Re1 h3 0-1

[Event "London Classic Open 2014"]
[Site "London ENG"]
[Date "2014.12.12"]
[Round "5.38"]
[White "Holleland, Sigve"]
[Black "Bukojemski, Adam"]
[Result "0-1"]
[WhiteElo "2042"]
[BlackElo "2214"]
[WhiteFideId "1513672"]
[BlackFideId "1114620"]
[EventDate "2014.12.08"]

1. c4 Nf6 2. Nc3 g6 3. g3 Bg7 4. Bg2 O-O 5. d3 c6 6. e4 d6 7. Nge2 Bd7 8. O-O
Qc8 9. Bd2 Bh3 10. Qc1 Re8 11. Rb1 Bxg2 12. Kxg2 Nbd7 13. b4 e5 14. Qa3 h5 15.
h4 a6 16. Qb3 b5 17. a4 Qb7 18. cxb5 cxb5 19. axb5 axb5 20. Ra1 Bf8 21. Rxa8
Rxa8 22. f4 Kg7 23. fxe5 dxe5 24. d4 Nb6 25. Bh6+ Kxh6 26. Rxf6 Nc4 27. Nd5 Bg7
28. Rf2 Ra3 29. Qc2 exd4 30. Qc1+ Kh7 31. Qg5 Ne3+ 32. Nxe3 Rxe3 33. Nf4 Qxe4+
34. Kg1 Qe5 35. Qd8 d3 36. Qd7 Qf5 37. Qxf5 gxf5 38. Rd2 Be5 39. Nxd3 Bxg3 40.
Kg2 f4 41. Nc5 Bxh4 42. Rd5 f3+ 43. Kh2 f2 0-1

[Event "London Classic Open 2014"]
[Site "London ENG"]
[Date "2014.12.12"]
[Round "5.39"]
[White "Disu, Kayode"]
[Black "Stigar, Petter"]
[Result "1/2-1/2"]
[BlackTitle "FM"]
[WhiteElo "1879"]
[BlackElo "2194"]
[WhiteFideId "432849"]
[BlackFideId "1500341"]
[EventDate "2014.12.08"]

1. e4 c5 2. Nc3 Nc6 3. f4 g6 4. Nf3 Bg7 5. Bb5 Nd4 6. O-O a6 7. Bd3 d6 8. Nxd4
cxd4 9. Ne2 Nf6 10. Kh1 O-O 11. Nxd4 Nxe4 12. Bxe4 Bxd4 13. c3 Bg7 14. d4 d5 15.
Bd3 Bf5 16. Bxf5 gxf5 17. Qd3 Qd7 18. Be3 Rac8 19. Rae1 Rc6 20. Bc1 Re6 21. Rxe6
Qxe6 22. Qd2 Rc8 23. Re1 Qd7 24. Qe2 Kf8 25. Qd3 Rc6 26. Re3 Re6 27. Rxe6 Qxe6
28. Qe3 Qe4 29. Qxe4 fxe4 30. g4 e6 31. Kg2 f5 32. g5 Kf7 33. Be3 b5 34. b4 Kg6
35. Kg3 Kh5 36. h3 Bf8 37. a3 Bd6 38. h4 Bc7 39. Bf2 a5 40. Be3 a4 41. Kh3 Bd8
42. Kg3 Bc7 1/2-1/2

[Event "London Classic Open 2014"]
[Site "London ENG"]
[Date "2014.12.12"]
[Round "5.40"]
[White "Terzo, Andrea"]
[Black "Maisuradze, Nino"]
[Result "0-1"]
[BlackTitle "WGM"]
[WhiteElo "1809"]
[BlackElo "2323"]
[WhiteFideId "897353"]
[BlackFideId "13601717"]
[EventDate "2014.12.08"]

1. d4 Nf6 2. c4 c5 3. d5 e6 4. Nc3 exd5 5. cxd5 d6 6. e4 g6 7. f4 Bg7 8. Bb5+
Nfd7 9. a4 a6 10. Bc4 O-O 11. Nf3 Nb6 12. Ba2 Bg4 13. O-O N8d7 14. h3 Bxf3 15.
Rxf3 Rb8 16. a5 Na8 17. Bc4 Nc7 18. Qf1 Qe7 19. Bd2 b5 20. axb6 Rxb6 21. Qd3
Rxb2 22. e5 Ne8 23. Rxa6 dxe5 24. d6 Qd8 25. Ne4 exf4 26. Bc3 Ne5 27. Bxe5 Bxe5
28. Qd5 Bd4+ 29. Kh2 Nf6 30. Nxf6+ Qxf6 31. d7 Qe7 32. Ra8 Rbb8 33. Ra7 Rfd8 34.
Rf1 Kg7 35. Kh1 Be3 36. Rc7 Rb6 37. Rd1 Bd4 38. Rf1 Rd6 39. Qf3 R8xd7 40. Rxd7
Qxd7 41. Qxf4 Rf6 42. Qc1 Qd6 43. Rxf6 Qxf6 44. Qf1 Qxf1+ 45. Bxf1 f5 46. Kh2 f4
47. Be2 Bf2 48. g4 fxg3+ 49. Kg2 Kf6 50. Kf3 Ke5 51. Bf1 Kd4 52. Ke2 Kc3 53. Kd1
Kb2 0-1

[Event "London Classic Open 2014"]
[Site "London ENG"]
[Date "2014.12.12"]
[Round "5.41"]
[White "Sanders, Isaac B"]
[Black "Arnetta, Maria Teresa"]
[Result "1-0"]
[WhiteTitle "FM"]
[BlackTitle "WFM"]
[WhiteElo "2323"]
[BlackElo "2027"]
[WhiteFideId "417661"]
[BlackFideId "811572"]
[EventDate "2014.12.08"]

1. e4 e5 2. Nf3 Nc6 3. Bc4 Nf6 4. O-O d6 5. Ng5 d5 6. exd5 Na5 7. Be2 Nxd5 8. d4
Be7 9. dxe5 Bxg5 10. Bxg5 Qxg5 11. Qxd5 Nc6 12. f4 Qh6 13. Nc3 O-O 14. Qe4 Ne7
15. Qe3 Bf5 16. Rac1 Rfd8 17. Bf3 Qa6 18. Rfd1 Rab8 19. Qc5 Qb6 20. Qxb6 Rxd1+
21. Rxd1 axb6 22. g4 Be6 23. f5 Bc4 24. Rd7 Nc6 25. Bxc6 bxc6 26. Rxc7 c5 27.
Kf2 Re8 28. b3 Ba6 29. Ra7 Bc8 30. Nd5 1-0

[Event "London Classic Open 2014"]
[Site "London ENG"]
[Date "2014.12.12"]
[Round "5.42"]
[White "Buchicchio, Giampaolo"]
[Black "Nilsen, Martin"]
[Result "1-0"]
[WhiteTitle "FM"]
[WhiteElo "2301"]
[BlackElo "2006"]
[WhiteFideId "811491"]
[BlackFideId "1510657"]
[EventDate "2014.12.08"]

1. e4 e6 2. d4 d5 3. Nd2 Be7 4. Bd3 c5 5. dxc5 a5 6. exd5 Qxd5 7. Ngf3 Nf6 8.
Qe2 Bxc5 9. Ne4 Nbd7 10. Nxc5 Nxc5 11. Bc4 Qe4 12. Be3 Nfd7 13. O-O-O O-O 14.
Rd4 Qg6 15. Rhd1 b6 16. h3 Nf6 17. g4 Nfe4 18. Ng1 Bb7 19. f3 Nf6 20. Rd6 Nd5
21. Bxd5 Ba6 22. Bc4 Bxc4 23. Qxc4 Rac8 24. Rxb6 Nd7 25. Rc6 Ne5 26. Rxc8 Nxc4
27. Rxc4 e5 28. Rc5 e4 29. f4 Qb6 30. a4 Qb4 31. b3 Qa3+ 32. Kb1 Qb4 33. Ne2 h6
34. Rb5 Qe7 35. Bc5 Qh4 36. Bxf8 Kxf8 37. Rb8+ Ke7 38. Nd4 g6 39. Nc6+ Kf6 40.
Rg8 Ke6 41. Re8+ Kf6 42. Re7 e3 43. Rdd7 Qe1+ 44. Kb2 Kg7 45. Rxf7+ Kg8 46. Ne5
Qd2 47. Rg7+ Kf8 48. Rdf7+ Ke8 49. Rg8# 1-0

[Event "London Classic Open 2014"]
[Site "London ENG"]
[Date "2014.12.12"]
[Round "5.43"]
[White "Calvert, D Ian"]
[Black "Fernandez, Michael"]
[Result "1/2-1/2"]
[BlackTitle "FM"]
[WhiteElo "1982"]
[BlackElo "2301"]
[WhiteFideId "406368"]
[BlackFideId "5803560"]
[EventDate "2014.12.08"]

1. b3 e5 2. Bb2 Nc6 3. e3 Nf6 4. Nf3 d6 5. d4 Bg4 6. Be2 e4 7. Nfd2 Bxe2 8. Qxe2
d5 9. O-O Bb4 10. c3 Bd6 11. Ba3 h5 12. Bxd6 Qxd6 13. f3 O-O-O 14. fxe4 dxe4 15.
Nc4 Qe6 16. b4 Nd5 17. Rc1 f5 18. Nbd2 f4 19. b5 Nce7 20. Ne5 Qf5 21. exf4 Nxf4
22. Qe1 Neg6 23. Ndc4 Rdf8 24. Rc2 Nxe5 25. dxe5 Qe6 26. Qxe4 Ng6 1/2-1/2

[Event "London Classic Open 2014"]
[Site "London ENG"]
[Date "2014.12.12"]
[Round "5.44"]
[White "Prosviriakov, Vladimir"]
[Black "Gschwendtner, Stanislav"]
[Result "1-0"]
[WhiteTitle "IM"]
[WhiteElo "2271"]
[BlackElo "1998"]
[WhiteFideId "2004860"]
[BlackFideId "307297"]
[EventDate "2014.12.08"]

1. e4 c5 2. Nc3 Nc6 3. Bb5 e6 4. Bxc6 bxc6 5. d3 Ne7 6. Nf3 Ng6 7. O-O Be7 8.
Re1 e5 9. Ne2 d6 10. Ng3 O-O 11. c3 f5 12. exf5 Bxf5 13. Nxf5 Rxf5 14. d4 cxd4
15. cxd4 Qb6 16. Qb3+ Kh8 17. Qxb6 axb6 18. dxe5 dxe5 19. Be3 Kg8 20. a4 c5 21.
Red1 e4 22. Nd2 Ne5 23. Nxe4 Nc4 24. Bc1 Bf6 25. Nxf6+ Rxf6 26. b3 Na5 27. Rb1
Re6 28. Kf1 Rae8 29. Bd2 Nc6 30. Bc3 Kf7 31. Rd7+ R8e7 32. Rbd1 Nd4 33. Rxe7+
Rxe7 34. Bxd4 Rd7 35. Ke2 cxd4 36. Kd3 Rc7 37. Rb1 Rd7 38. Rc1 Rd6 39. Rc4 Rf6
40. f3 Rg6 41. g4 Rf6 42. Ke4 d3 43. Rd4 Rh6 44. Rxd3 Rxh2 45. Rd7+ Kf6 46. Rd6+
Kg5 47. Rxb6 Re2+ 48. Kd3 Re7 49. Rb5+ Kf4 50. Rf5+ Kg3 51. Rf8 g6 52. g5 Rc7
53. b4 Kh4 54. f4 Kg4 55. a5 Rc1 56. a6 Ra1 57. b5 Ra4 58. Rf7 1-0

[Event "London Classic Open 2014"]
[Site "London ENG"]
[Date "2014.12.12"]
[Round "5.45"]
[White "McKerracher, Douglas"]
[Black "Semprun Martinez, Fernando"]
[Result "0-1"]
[WhiteElo "1980"]
[BlackElo "2239"]
[WhiteFideId "2401002"]
[BlackFideId "2203170"]
[EventDate "2014.12.08"]

1. e4 e5 2. Nf3 Nc6 3. Bb5 Nf6 4. d3 Bc5 5. O-O d6 6. c3 O-O 7. b4 Bb6 8. Bb2
Ne7 9. Nbd2 c6 10. Ba4 Ng6 11. d4 Qe7 12. Bc2 Nf4 13. Re1 N6h5 14. Nf1 Qf6 15.
Ng3 Bg4 16. Re3 a5 17. a3 axb4 18. axb4 Rxa1 19. Bxa1 Ra8 20. Bb3 h6 21. Bb2 Ne6
22. Qd2 Nhf4 23. h3 Nxh3+ 24. gxh3 Bxf3 25. Nf5 Bxe4 26. Nxd6 Qg5+ 27. Kf1 Qg2+
28. Ke2 Nf4+ 29. Kd1 Bf3+ 30. Kc1 Qg1+ 31. Kc2 Qg6+ 32. Kc1 Bd5 33. Nc4 Qg1+ 34.
Kc2 Bxc4 35. Bxc4 Qg6+ 36. Kc1 exd4 37. cxd4 Nd5 38. Re5 Bc7 39. Re1 Bf4 40. Re3
Qg1+ 41. Kc2 Bxe3 42. fxe3 Nxe3+ 43. Kb3 Nxc4 44. Kxc4 Qf1+ 45. Kb3 Qxh3+ 46.
Kc2 Qf5+ 47. Kc1 Qf1+ 48. Kc2 Qc4+ 49. Kd1 Re8 0-1

[Event "London Classic Open 2014"]
[Site "London ENG"]
[Date "2014.12.12"]
[Round "5.46"]
[White "Guthrie, David"]
[Black "Acosta, Mariano USA"]
[Result "1-0"]
[WhiteElo "2209"]
[BlackElo "1981"]
[WhiteFideId "4300505"]
[BlackFideId "2008629"]
[EventDate "2014.12.08"]

1. d4 Nf6 2. c4 g6 3. Nc3 d5 4. cxd5 Nxd5 5. e4 Nxc3 6. bxc3 Bg7 7. Nf3 c5 8.
Rb1 Nc6 9. d5 Bxc3+ 10. Bd2 Bxd2+ 11. Qxd2 Nd4 12. Nxd4 cxd4 13. Bb5+ Bd7 14.
Bxd7+ Qxd7 15. Qxd4 O-O 16. O-O b6 17. Rfd1 f5 18. e5 f4 19. Rb3 Rf5 20. d6 Raf8
21. Rc3 exd6 22. exd6 R5f7 23. Re1 Rd8 24. Rd1 Qe6 25. a4 Rfd7 26. Rc6 Qf5 27.
h3 g5 28. Re1 h6 29. Re7 Rxe7 30. dxe7 Re8 31. Rxh6 Rxe7 32. Qh8+ Kf7 33. Rh7+
Qxh7 34. Qxh7+ Kf6 35. Qh6+ Kf5 36. Qf8+ Ke6 37. Kf1 Rf7 38. Qg8 Kf6 39. Qd8+
Kg6 40. Ke2 f3+ 41. gxf3 Rf4 42. Ke3 Rf6 43. Qe8+ Kh6 44. Qe7 Kg6 45. Qxa7 Re6+
46. Kd4 Rf6 47. Kc4 Rf4+ 48. Kb5 Rxf3 49. Qxb6+ 1-0

[Event "London Classic Open 2014"]
[Site "London ENG"]
[Date "2014.12.12"]
[Round "5.47"]
[White "Lobersli, Henrik Oie"]
[Black "Ilfeld, Etan"]
[Result "0-1"]
[WhiteElo "1961"]
[BlackElo "2192"]
[WhiteFideId "1511947"]
[BlackFideId "2803470"]
[EventDate "2014.12.08"]

1. e4 e5 2. Nf3 Nc6 3. Bb5 a6 4. Ba4 d6 5. c3 Bd7 6. O-O g6 7. h3 Bg7 8. d4 Nf6
9. Re1 O-O 10. d5 Ne7 11. Bxd7 Nxd7 12. c4 h6 13. Nc3 f5 14. b4 a5 15. Ba3 axb4
16. Bxb4 b6 17. a4 fxe4 18. Nxe4 Nf5 19. a5 Nd4 20. Nxd4 exd4 21. axb6 Nxb6 22.
Rc1 Re8 23. Nd2 Rxe1+ 24. Qxe1 Qe8 25. Qxe8+ Rxe8 26. Ba5 Ra8 27. Nb3 Rb8 28.
Bxb6 Rxb6 29. Rb1 d3 30. Nd2 Rxb1+ 31. Nxb1 Kf7 32. g4 Kf6 33. f4 g5 34. fxg5+
Kxg5 35. Kf2 Kf4 36. Ke1 Kg3 37. Kd2 Kxh3 38. Na3 Bd4 39. Kxd3 Bb6 40. Ke2 Kxg4
41. Kf1 Kf3 0-1

[Event "London Classic Open 2014"]
[Site "London ENG"]
[Date "2014.12.12"]
[Round "5.48"]
[White "Bates, Caspar J"]
[Black "Vachtfeidl, Petr"]
[Result "1-0"]
[WhiteElo "2185"]
[BlackElo "1985"]
[WhiteFideId "414760"]
[BlackFideId "315028"]
[EventDate "2014.12.08"]

1. Nf3 Nf6 2. b3 g6 3. Bb2 Bg7 4. e3 O-O 5. Be2 c5 6. c4 Nc6 7. O-O b6 8. d4
cxd4 9. exd4 d5 10. Nbd2 Bb7 11. Rc1 Rc8 12. Re1 e6 13. Bd3 Qd6 14. c5 Qb8 15.
Ne5 Nxe5 16. dxe5 Nd7 17. cxb6 axb6 18. Nf3 Rxc1 19. Qxc1 Nc5 20. Bb1 Rc8 21.
Qf4 Bc6 22. h4 Be8 23. Qh2 b5 24. h5 Ne4 25. hxg6 hxg6 26. Qh4 Qa7 27. Bd4 Qa3
28. Bxe4 dxe4 29. Ng5 Rc1 30. Rxc1 Qxc1+ 31. Kh2 Qc7 32. b4 Bxe5+ 33. g3 f5 34.
Nxe6 Qd6 35. Bxe5 Qxe5 36. Qe7 Qh8+ 37. Kg2 Bc6 38. Qf8+ 1-0

[Event "London Classic Open 2014"]
[Site "London ENG"]
[Date "2014.12.12"]
[Round "5.49"]
[White "Mihajlov, Svetoslav"]
[Black "Yu, Derek"]
[Result "1-0"]
[WhiteElo "2181"]
[BlackElo "1973"]
[WhiteFideId "1507168"]
[BlackFideId "3206203"]
[EventDate "2014.12.08"]

1. e4 e5 2. Nc3 Nf6 3. g3 Bc5 4. Bg2 O-O 5. h3 c6 6. Nge2 Re8 7. O-O b5 8. d3 d6
9. Kh2 Qa5 10. f4 b4 11. Nb1 Qc7 12. a3 bxa3 13. Nxa3 Nbd7 14. c3 Ba6 15. b4 Bb6
16. c4 Bb7 17. fxe5 Rxe5 18. d4 Ree8 19. c5 dxc5 20. dxc5 Qe5 21. Bf4 Qb2 22.
cxb6 axb6 23. Nc4 Qxa1 24. Qxa1 Rxa1 25. Rxa1 Nxe4 26. Ra7 Bc8 27. Ra8 b5 28.
Bxe4 bxc4 29. Nc3 c5 30. b5 Nb6 31. Rb8 Nd7 32. Bc6 f6 33. Rxc8 1-0

[Event "London Classic Open 2014"]
[Site "London ENG"]
[Date "2014.12.12"]
[Round "5.50"]
[White "Osborne, Marcus E"]
[Black "Othman, Mustapha"]
[Result "1-0"]
[WhiteElo "2176"]
[BlackElo "1973"]
[WhiteFideId "404608"]
[BlackFideId "8500797"]
[EventDate "2014.12.08"]

1. c4 Nf6 2. Nc3 e6 3. e4 d5 4. e5 Ne4 5. Qc2 f5 6. exf6 Nxf6 7. Nf3 d4 8. Ne4
c5 9. Bd3 Nc6 10. Nxf6+ Qxf6 11. Bxh7 Bd6 12. Bg6+ Kd8 13. Be4 Nb4 14. Qb3 d3
15. Bxd3 g5 16. a3 Nc6 17. Qc3 e5 18. Be4 g4 19. Bxc6 bxc6 20. Ng1 Rf8 21. Qe3
e4 22. Ne2 Ba6 23. h3 g3 24. Nxg3 Bf4 25. Qc3 Be5 26. Qe3 Bd4 27. Nxe4 Qe7 28.
Qe2 Bxc4 29. d3 Kc7 30. dxc4 Rae8 31. f3 Qg7 32. Bd2 Rxe4 33. Qxe4 Qg3+ 34. Kd1
Qg8 35. Re1 Kb6 36. Qe6 Qxg2 37. Kc2 Qxf3 38. Rf1 Qxf1 39. Rxf1 Rxf1 40. Qd7 Rf2
41. Kd3 Rf3+ 42. Ke4 Rf2 43. Ba5+ Ka6 44. Qxc6+ Kxa5 45. Qb5# 1-0